000 00613nam a2200133Ia 4500
008 220621s9999||||xx |||||||||||||| ||und||
022 _a16648714
100 _aGuadalupe Davila||Marcelo L. Berthier||Peter Marien||Ignacio Moreno-Torres
245 0 _aLanguage beyond Words: The Neuroscience of Accent
546 _aEnglish[eng]
650 _aNeuroimaging||Neuroscience||Foreign accent syndrome||accent loss||foreign accent||accent learning||speech production||accent||Speech Perception
856 _uhttp://journal.frontiersin.org/researchtopic/2637/language-beyond-words-the-neuroscience-of-accent
942 _cEB
999 _c37257
_d37257